Consumer behavior : (Record no. 208286)
[ view plain ]
| 000 -LEADER | |
|---|---|
| fixed length control field | 00937nam a2200253Ia 4500 |
| 005 - DATE AND TIME OF LATEST TRANSACTION | |
| control field | 20230802105711.0 |
| 008 - FIXED-LENGTH DATA ELEMENTS--GENERAL INFORMATION | |
| fixed length control field | 210716s2013 xx 000 0 und d |
| 020 ## - INTERNATIONAL STANDARD BOOK NUMBER | |
| International Standard Book Number | 9780070473812 |
| 040 ## - CATALOGING SOURCE | |
| Transcribing agency | AIMIT LIBRARY |
| 041 ## - LANGUAGE CODE | |
| Language code of text/sound track or separate title | eng |
| 082 ## - DEWEY DECIMAL CLASSIFICATION NUMBER | |
| Classification number | 658.8342 |
| Edition number | 4 |
| Item number | LOUD |
| 100 ## - MAIN ENTRY--PERSONAL NAME | |
| Personal name | Loudon, David L |
| 9 (RLIN) | 129060 |
| 245 ## - TITLE STATEMENT | |
| Title | Consumer behavior : |
| Remainder of title | Concepts and applications / |
| Statement of responsibility, etc. | By David L Loudon and Albert J Della Bitta |
| 250 ## - EDITION STATEMENT | |
| Edition statement | 4th ed. |
| Remainder of edition statement | Tata McGraw Hill Edition |
| 260 ## - PUBLICATION, DISTRIBUTION, ETC. | |
| Place of publication, distribution, etc. | New Delhi : |
| Name of publisher, distributor, etc. | McGraw Hill, |
| Date of publication, distribution, etc. | 2013. |
| 300 ## - PHYSICAL DESCRIPTION | |
| Extent | xxiii,788p. ; |
| Other physical details | PB : |
| Dimensions | 25 cm. |
| 650 ## - SUBJECT ADDED ENTRY--TOPICAL TERM | |
| Topical term or geographic name entry element | Consumer Behavior |
| 9 (RLIN) | 129061 |
| 650 ## - SUBJECT ADDED ENTRY--TOPICAL TERM | |
| Topical term or geographic name entry element | Understanding Consumers and Market Segments |
| 9 (RLIN) | 129062 |
| 650 ## - SUBJECT ADDED ENTRY--TOPICAL TERM | |
| Topical term or geographic name entry element | Environmental Influences on Consumer Behavior |
| 9 (RLIN) | 129063 |
| 650 ## - SUBJECT ADDED ENTRY--TOPICAL TERM | |
| Topical term or geographic name entry element | Individual Determinants of Consumer Behavior |
| 9 (RLIN) | 129064 |
| 650 ## - SUBJECT ADDED ENTRY--TOPICAL TERM | |
| Topical term or geographic name entry element | Consumer Decision Process |
| 9 (RLIN) | 129065 |
| 700 ## - ADDED ENTRY--PERSONAL NAME | |
| Personal name | Della Bitta, Albert J. |
| 9 (RLIN) | 129066 |
| 942 ## - ADDED ENTRY ELEMENTS (KOHA) | |
| Source of classification or shelving scheme | Dewey Decimal Classification |
| Koha item type | Book |
| Edition | 4th |
| Call number prefix | 658.8342 LOUD |
| Withdrawn status | Lost status | Damaged status | Not for loan | Collection code | Home library | Current library | Date acquired | Source of acquisition | Total Checkouts | Full call number | Barcode | Date last seen | Price effective from | Koha item type | Source of classification or shelving scheme | Cost, normal purchase price | Inventory number | Cost, replacement price |
|---|---|---|---|---|---|---|---|---|---|---|---|---|---|---|---|---|---|---|
| MCA | St Aloysius Institute of Management & Information Technology | St Aloysius Institute of Management & Information Technology | 07/16/2021 | Donated | 658.8342 LOUD | MCA02229 | 07/21/2025 | 07/16/2021 | Book | |||||||||
| MBA | St Aloysius Institute of Management & Information Technology | St Aloysius Institute of Management & Information Technology | 12/19/2013 | 658.8342 LOUD | MBA10852 | 05/23/2026 | 07/16/2021 | Book | Dewey Decimal Classification | 699.00 | Bill no:JTB/1624; Bill dt:2013-1 | 699.00 | ||||||
| MBA | St Aloysius Institute of Management & Information Technology | St Aloysius Institute of Management & Information Technology | 08/14/2015 | 658.8342 LOUD | MBA11775 | 05/23/2026 | 07/16/2021 | Book | Dewey Decimal Classification | 850.00 | Bill no:230; Bill dt:2015-08-08 | 680.00 | ||||||
| MBA | St Aloysius Institute of Management & Information Technology | St Aloysius Institute of Management & Information Technology | 08/14/2015 | 658.8342 LOUD | MBA11776 | 05/23/2026 | 07/16/2021 | Book | Dewey Decimal Classification | 850.00 | Bill no:230; Bill dt:2015-08-08 | 680.00 | ||||||
| MBA | St Aloysius Institute of Management & Information Technology | St Aloysius Institute of Management & Information Technology | 08/14/2015 | 658.8342 LOUD | MBA11777 | 05/23/2026 | 07/16/2021 | Book | Dewey Decimal Classification | 850.00 | Bill no:230; Bill dt:2015-08-08 | 680.00 | ||||||
| MBA | St Aloysius Institute of Management & Information Technology | St Aloysius Institute of Management & Information Technology | 08/14/2015 | 658.8342 LOUD | MBA11778 | 05/23/2026 | 07/16/2021 | Book | Dewey Decimal Classification | 850.00 | Bill no:230; Bill dt:2015-08-08 | 680.00 | ||||||
| MBA | St Aloysius Institute of Management & Information Technology | St Aloysius Institute of Management & Information Technology | 08/14/2015 | 658.8342 LOUD | MBA11779 | 05/23/2026 | 07/16/2021 | Book | Dewey Decimal Classification | 850.00 | Bill no:230; Bill dt:2015-08-08 | 680.00 |